000 nam a22 7a 4500
999 _c49280
_d49280
003 OSt
005 20191113151404.0
008 191113b xxu||||| |||| 00| 0 eng d
040 _cSERIOSOFT
100 _aP C TULSIAN
245 _aBUSINESS LAW
260 _aNEW DELHI
_bTMH
_c2002
300 _a1826
942 _2ddc
_c02